000
00225nam a22000857a 4500
008
160718b xxu||||| |||| 00| 0 eng d
100
_9
2984
_a
Ciovacco, J., et al
245
_a
Animals
260
_a
New Delhi
_b
Popular Prakashan
_c
2004
999
_c
2547
_d
2547